000 00316 a2200109 4500
001 ART_11251
005 20260410161855.0
008 260409a
245 1 0 _aLa moneda del Crédito Público
100 1 _aFragueiro, Mariano
773 0 _tRevista de Economía
_g- Nº 23 (ene./dic. 1972)
_wREV11077
999 _c25401
_d25401